LEADER 00634nas a2200157 i 4500 001 000000014214 003 CaOOAMICUS 005 20180830125442.0 008 180830n fr u0 und u 040 $aSeMil$bita 245 10$aBibliothèque des idées. 260 $aParis :$bGallimard,$c[194.] 300 $av. ;$c23 cm. 774 0 $aSartre, Jean-Paul <1905-1980>$tCritique de la raison dialectique ; précédé de Question de méthode.$dParis : Gallimard, 1960.$kBibliothèque de philosophie$w()668 996 $6245$aBibliothèque des idées$9(OLS)http://semarc/title/14908 996 $6260$aParis :$bGallimard$9(OLS)http://semarc/publisher/29952 LEADER 01197nam a2200265 i 4500 001 000000068754 003 CaOOAMICUS 005 20170823000000.0 008 170823s1980 xxu u000 u eng u 013 $a39926 020 $a0-385-06760-7 040 $aSeMil$bita 245 10$a1. Samuel :$ba new translation with introduction and commentary /$cby P. Kyle McCarter, jr. 260 $aGarden City, New York :$bDoubleday,$c1980. 300 $aXXI, 474 p. ;$c25 cm. 490 0 $aThe Anchor Bible ;$v8 650 4$aBibbia. Antico Testamento. 1 Samuele - Commentari, studi, critica, interpretazioni.$0(OLS)http://semarc/subject/7202 700 1 $aMcCarter, Pete Kyle <1945- >.$0(OLS)http://semarc/name/90887 830 4$aThe Anchor Bible ;$v8.$0(OLS)http://semarc/title/472 850 $aSeMil 852 $aSeMil$W1$xVenegono$y1$mSL1.R II 8$j34907$B34907$CSeMilBibl$Z2$F34910 $8I 961 $aAcquisto: Casa editrice 996 $6020$a0-385-06760-7$9(OLS)http://semarc/number/47019 996 $6245$a1. Samuel :$ba new translation with introduction and commentary$9(OLS)http://semarc/title/109910 996 $6260$aGarden City, New York :$bDoubleday$9(OLS)http://semarc/publisher/29803